Statistics for Italian olympic medals at the 2006 winter olympics

Click here to take the quiz!

General Stats

  • This quiz has been taken 8 times
  • The average score is 9 of 11

Answer Stats

SportEventAnswer% Correct
Speed SkatingMen's Team PursuitAnesi, Donagrandi, Fabris, Sanfratello
100%
LugeMen's SingleArmin Zoeggeler
100%
Speed SkatingWomen's 3000m RelayCapurso, Fontana, K. Zini, M. Zini
100%
Cross-Country SkiingMen's 4x10km RelayDi Centa, Piller Cottrer, Valbusa, Zorzi
100%
Speed SkatingMen's 1500mEnrico Fabris
100%
Speed SkatingMen's 5000 mEnrico Fabris
100%
Cross-Country SkiingMen's 50km FreestyleGiorgio Di Centa
100%
Cross-Country SkiingWomen's 4x5km RelayConfortola, Follis, Paruzzi, Valbusa
67%
BobsleighTwo-WomanIsacco / Weissensteiner
67%
LugeDoublesHaselrieder / Plankensteiner
33%
Cross-Country SkiingMen's 30km PursuitPietro Piller Cottrer
0%

Score Distribution

Percentile by Number Answered

Percent of People with Each Score

Your Score History

You have not taken this quiz